| 000 | 00486nam a2200181Ia 4500 | ||
|---|---|---|---|
| 003 | IIN | ||
| 005 | 20240104154337.0 | ||
| 008 | 231217s9999 xx 000 0 und d | ||
| 020 |
_cRs.450.00 _a9788123927190 |
||
| 040 |
_aIIN _bEnglish |
||
| 082 |
_a572.3 _bLAL |
||
| 100 | 1 | _aLal, Harbans | |
| 245 | 1 |
_aEssentials of Biochemistry _b for Bsc Nursing Students / _cHarbans Lal |
|
| 260 |
_bCBS _aNew Delhi _c2017 |
||
| 300 | _axii, 319 p. | ||
| 650 | 1 |
_aBiochemistry _vNursing |
|
| 942 | _cBOOK | ||
| 999 |
_c280 _d280 |
||